ბათუმის შოთა რუსთაველის სახელმწიფო უნივერსიტეტის ბიბლიოთეკა

კეცხოველი (ბიბ.ჩანაწერი № 42406)

000 -LEADER
fixed length control field 00711nam a2200229Ia 4500
001 - CONTROL NUMBER
control field 9102
003 - CONTROL NUMBER IDENTIFIER
control field GE_BSU
008 - FIXED-LENGTH DATA ELEMENTS--GENERAL INFORMATION
fixed length control field 181216s||||||||xx |||||||||||||| ||und||
040 ## - CATALOGING SOURCE
Transcribing agency GE_BSU
080 ## - UNIVERSAL DECIMAL CLASSIFICATION NUMBER
Universal Decimal Classification number 821.353.1-31
100 ## - MAIN ENTRY--PERSONAL NAME
Personal name ლისაშვილი,იაკინთე
245 ## - TITLE STATEMENT
Title კეცხოველი
245 ## - TITLE STATEMENT
Remainder of title რომანი
245 ## - TITLE STATEMENT
Statement of responsibility, etc. პ/მგ.რედ:გ.ნატროშვილი;მხატვ:ლ.ქუთათელაძე
260 ## - PUBLICATION, DISTRIBUTION, ETC.
Place of publication, distribution, etc. თბილისი.
260 ## - PUBLICATION, DISTRIBUTION, ETC.
Name of publisher, distributor, etc. საბჭ.მწერალი.
260 ## - PUBLICATION, DISTRIBUTION, ETC.
Date of publication, distribution, etc. 1953.
300 ## - PHYSICAL DESCRIPTION
Extent 350გვ;23სმ.
653 ## - INDEX TERM--UNCONTROLLED
Uncontrolled term კეცხოველი
653 ## - INDEX TERM--UNCONTROLLED
Uncontrolled term რომანი
942 ## - ADDED ENTRY ELEMENTS (KOHA)
Koha item type წიგნი
ეგზემპლარები
Withdrawn status Lost status Damaged status Not for loan Date acquired Barcode Date last seen Price effective from Koha item type Public note
        2018-12-17 31815 2018-12-17 2018-12-17 წიგნი  
        2018-12-17 31816 2018-12-17 2018-12-17 წიგნი  
        2018-12-17 31817 2018-12-17 2018-12-17 წიგნი  
        2018-12-17 31818 2018-12-17 2018-12-17 წიგნი  
        2018-12-17 31819 2018-12-17 2018-12-17 წიგნი  
        2018-12-17 31820 2018-12-17 2018-12-17 წიგნი  
        2018-12-17 31821 2018-12-17 2018-12-17 წიგნი  
        2018-12-17 31822 2018-12-17 2018-12-17 წიგნი  
        2018-12-17 31823 2018-12-17 2018-12-17 წიგნი  
        2018-12-17 31824 2018-12-17 2018-12-17 წიგნი  
        2018-12-17 31825 2018-12-17 2018-12-17 წიგნი  
        2018-12-17 41391 2018-12-17 2018-12-17 წიგნი აგრარული ტექ.ფაკ.